000 00397nam a2200157 i 4500
001 bg
245 0 _aChemia analityczna :
_bpraca zbiorowa /
_cpod red. Włdzimierza Brandla.
250 _aWyd.4.
260 _aBydgoszcz,
_c1979.
700 1 _aBrandl, Włodzimierz.
_eRed.
040 _cBPK
041 _apol
080 _a543(075.8)
942 _cKS
008 s pl f |000 0 pol
999 _c18392
_d18392
856 _uhttp://koha.tu.koszalin.pl/cgi-bin/koha/opac-detail.pl?biblionumber=18392
_yKatalog online BPK